Start with A, ends with D - Statistics

General Stats
  • This quiz has been taken 35 times
  • The average score is 9 of 15
Answer Stats
Question Answer % Correct
Attention deficit disorder ADHD
94%
& And
94%
Value _____ Added
77%
Overseas Abroad
74%
Dry Arid
74%
Scared Afraid
65%
When a TV programme is broadcast Aired
61%
Lord Tennysons' first name Alfred
61%
Syrian despot Assad
61%
Googles' mobile operating system Android
58%
Comes before 'Lang Syne', in the new years eve song Auld
55%
Interest has more than likely done this , in a savings account Accrued
45%
When a TV programme is cut, and no more series will be made Axed
45%
Licorice flavour, commonly prefixing balls Aniseed
32%
Do a runner Abscond
29%
No matching quizzes found
Score Distribution
Percent of People with Each Score
Percentile by Number Answered
Your Score History
You have not taken this quiz